| 000 | 00823cam a22003017a 4500 | ||
|---|---|---|---|
| 003 | CHAP | ||
| 005 | 20220817042931.0 | ||
| 008 | 971013s1995 fr r 00010 spa d | ||
| 010 | _a60346 | ||
| 011 | _a61318 | ||
| 020 | _a9253037695 | ||
| 035 | _a65482 | ||
| 040 | _cCHAP | ||
| 082 |
_a025.33 _bF36Y 1995 |
||
| 110 | _aFAO | ||
| 245 | 0 |
_aAGROVOC _b: tesauro agrícola multilingue |
|
| 250 | _a3 ed. | ||
| 260 |
_aRoma : _bFAO, _c1995 |
||
| 300 |
_a682 p. _b; Bib. |
||
| 590 |
_aBATCH-UPD _b10 _c20130110 _lUCH01 _h1803 |
||
| 590 |
_aCONVERSION _b10 _c20130109 _lUCH01 _h1332 |
||
| 650 | 1 | 4 |
_aEncabezamientos de materia _xAgricultura. _936719 |
| 650 | 1 | 4 |
_aTesauros. _9112457 |
| 901 | _aBK | ||
| 905 | _aLilia Sánchez G. | ||
| 942 | _cLIBRO | ||
| 949 |
_a025.33 F36Y 1995 _bBC _cC _d33724000603015 _eC _h90551 _i65482 _sb |
||
| 999 |
_c60346 _d60346 |
||